[Event "BL 2425 SV Mülheim Nord - SF Bad Mergen"]
[Site "?"]
[Date "2025.02.01"]
[Round "7.7"]
[White "Vlasak, Lukas"]
[Black "Feygin, Michael"]
[Result "1/2-1/2"]
[WhiteElo "2449"]
[BlackElo "2452"]
[PlyCount "46"]
[EventDate "2025.??.??"]

1. d4 Nf6 2. Nf3 e6 3. c4 d5 4. g3 Be7 5. Bg2 O-O 6. O-O c6 7. b3 a5 8. Bb2 b6 9. Nbd2 Bb7 10. Qc2 Na6 11. Ne5 c5 12. dxc5 Nxc5 13. Rac1 Qc7 14. Nd3 dxc4 15. Nxc5 Bxg2 16. Kxg2 Qxc5 17. Bxf6 gxf6 18. Qxc4 Qxc4 19. Rxc4 Rfd8 20. Nf3 b5 21. Rc7 Ba3 22. e3 a4 23. Rb1 axb3 1/2-1/2

[Event "BL 2425 SV Mülheim Nord - SF Bad Mergen"]
[Site "?"]
[Date "2025.02.01"]
[Round "7.8"]
[White "Hausrath, Daniel"]
[Black "Nemec, Jachym"]
[Result "1-0"]
[WhiteElo "2450"]
[BlackElo "2433"]
[PlyCount "117"]
[EventDate "2025.??.??"]

1. Nf3 d5 2. g3 Nd7 3. d4 Nb6 4. Nbd2 Bf5 5. Nh4 e6 6. Nxf5 exf5 7. Bg2 Nf6 8. O-O c6 9. c3 h5 10. Qc2 g6 11. a4 a5 12. Nf3 Be7 13. Bf4 O-O 14. Ne5 Re8 15. Qb3 Ra7 16. f3 Nbd7 17. e4 Nxe5 18. dxe5 Nd7 19. exd5 Nc5 20. Qa2 Bf8 21. Rad1 Qd7 22. e6 fxe6 23. d6 Qf7 24. Be3 b6 25. f4 Rd8 26. Bxc5 bxc5 27. Rfe1 Rxd6 28. Rxd6 Bxd6 29. Rxe6 Kh7 30. Bxc6 Re7 31. Bd5 Rxe6 32. Bxe6 Qb7 33. Bd5 Qe7 34. Be6 Kg7 35. Kf2 Kf6 36. Bd5 h4 37. Qc4 hxg3+ 38. hxg3 Bc7 39. Qa6+ Kg7 40. Qc8 Bd8 41. Bc4 Qd6 42. Ke2 Kh6 43. Qb7 Bc7 44. Qa8 Bd8 45. Qh1+ Kg7 46. Qd5 Qf8 47. Kd3 Bf6 48. Qb7+ Kh6 49. Qh1+ Kg7 50. Qc6 g5 51. Qd7+ Kg6 52. Be6 Bg7 53. Kc4 gxf4 54. gxf4 Bh6 55. Qc7 Qe8 56. Kd5 Bf8 57. Qc8 Qe7 58. Bxf5+ Kh5 59. Qe6 1-0

[Event "BL 2425 SC Viernheim - FC Bayern Münche"]
[Site "?"]
[Date "2025.02.01"]
[Round "7.1"]
[White "Tabatabaei, M. Amin"]
[Black "Mamedyarov, Shakhriyar"]
[Result "1/2-1/2"]
[WhiteElo "2666"]
[BlackElo "2731"]
[PlyCount "72"]
[EventDate "2025.??.??"]

1. e4 e6 2. d4 d5 3. Nc3 Nf6 4. e5 Nfd7 5. f4 c5 6. Nf3 Nc6 7. Be3 a6 8. Qd2 b5 9. h4 Qa5 10. h5 Be7 11. h6 g6 12. Ne2 Qxd2+ 13. Nxd2 b4 14. dxc5 Nxc5 15. Nd4 Bd7 16. N2f3 O-O 17. g4 Rfc8 18. f5 Nxd4 19. Nxd4 Ne4 20. f6 Bc5 21. Bd3 Nxf6 22. exf6 e5 23. g5 exd4 24. Bd2 Re8+ 25. Kf2 Re4 26. Rhe1 Rae8 27. Kf3 Bc6 28. Re2 a5 29. Rae1 Rxe2 30. Rxe2 Rxe2 31. Kxe2 Kf8 32. Bf4 Ke8 33. Be5 Kd7 34. Kf3 Ke6 35. Kf4 Bd6 36. Bxd6 Kxd6 {Ke4 Ke5+} 1/2-1/2

[Event "BL 2425 SC Viernheim - FC Bayern Münche"]
[Site "?"]
[Date "2025.02.01"]
[Round "7.2"]
[White "Aravindh, Chithambaram VR."]
[Black "Santos Latasa, Jaime"]
[Result "1-0"]
[WhiteElo "2729"]
[BlackElo "2631"]
[PlyCount "152"]
[EventDate "2025.??.??"]

1. Nf3 Nf6 2. g3 c5 3. Bg2 Nc6 4. O-O d5 5. d4 e6 6. c4 dxc4 7. dxc5 Qxd1 8. Rxd1 Bxc5 9. Nbd2 c3 10. bxc3 O-O 11. Ne1 Bd7 12. Rb1 Rab8 13. Ne4 Nxe4 14. Bxe4 f5 15. Bg2 Be8 16. Bf4 e5 17. Bxc6 Bxc6 18. Bxe5 Rbe8 19. Nd3 Ba3 20. Rd2 b6 21. f3 Bd5 22. Kf2 Bc4 23. Bd4 Rc8 24. h4 Rfe8 25. Nf4 Rc7 26. Rg1 Rf7 27. Nd3 Be6 28. Ne5 Rff8 29. g4 f4 30. h5 Rc8 31. Rh1 Rc7 32. Rb1 Rcc8 33. Rdd1 Rc7 34. Rh1 Re8 35. Nd3 Bd6 36. a4 Bc4 37. Rb2 Kf7 38. Ra1 Rce7 39. Rd2 Bc7 40. Rg1 Kg8 41. Re1 Re6 42. Rh1 R8e7 43. Rg1 Rf7 44. Nb2 Ba6 45. Rgd1 Rfe7 46. Nd3 Bc4 47. Rg1 Rf7 48. g5 Rf5 49. Rg4 Kf7 50. Rd1 a5 51. Ke1 g6 52. hxg6+ Kxg6 53. Kd2 Bxd3 54. Kxd3 Bd8 55. Rb1 Rd6 56. c4 Re6 57. Rh1 Bxg5 58. Rb1 h5 59. Rgg1 Kf7 60. Rxb6 Rxb6 61. Bxb6 Be7 62. Bd4 h4 63. Rg7+ Ke6 64. Rh7 Rf7 65. Rh5 Bd8 66. Ke4 Kd6 67. Be5+ Kc6 68. Bxf4 Re7+ 69. Be5 Bc7 70. f4 Kc5 71. Rxh4 Kxc4 72. Kf5 Kd5 73. e4+ Kc4 74. Bxc7 Rxc7 75. e5 Kb4 76. e6 Kxa4 1-0

[Event "BL 2425 SC Viernheim - FC Bayern Münche"]
[Site "?"]
[Date "2025.02.01"]
[Round "7.3"]
[White "Idani, Pouya"]
[Black "Anton Guijarro, David"]
[Result "1/2-1/2"]
[WhiteElo "2616"]
[BlackElo "2668"]
[PlyCount "59"]
[EventDate "2025.??.??"]

1. e4 c5 2. Nf3 Nc6 3. d4 cxd4 4. Nxd4 g6 5. c4 Nf6 6. Nc3 d6 7. Be2 Nxd4 8. Qxd4 Bg7 9. Be3 O-O 10. Qd3 a6 11. O-O Bd7 12. f3 b5 13. cxb5 axb5 14. Nxb5 Bxb5 15. Qxb5 Rb8 16. Qa6 Nd7 17. Rab1 Nc5 18. Qc4 Bxb2 19. Qc2 Bf6 20. a4 Qa5 21. Rxb8 Rxb8 22. Bb5 Qb4 23. Rd1 h5 24. Bf2 h4 25. Qd2 Qa3 26. Qe3 Qa2 27. Qd2 Qa3 28. Qe3 Qa2 29. Qd2 Qa3 30. Qe3 1/2-1/2

[Event "BL 2425 SC Viernheim - FC Bayern Münche"]
[Site "?"]
[Date "2025.02.01"]
[Round "7.4"]
[White "Korobov, Anton"]
[Black "Dragnev, Valentin"]
[Result "1/2-1/2"]
[WhiteElo "2627"]
[BlackElo "2550"]
[PlyCount "90"]
[EventDate "2025.??.??"]

1. d4 Nf6 2. Nf3 d5 3. c4 e6 4. Nc3 c6 5. Bg5 Nbd7 6. e3 Qa5 7. Nd2 dxc4 8. Bxf6 Nxf6 9. Nxc4 Qc7 10. Be2 Be7 11. O-O O-O 12. Rc1 Rd8 13. Bf3 Nd5 14. Qb3 Nxc3 15. Rxc3 Bd7 16. g3 Bf6 17. Nd2 g6 18. Ne4 Bg7 19. Nc5 Rab8 20. h4 Be8 21. Rfc1 Qe7 22. Nd3 e5 23. Nxe5 Bxe5 24. dxe5 Qxe5 25. Rc4 Rd2 26. R1c2 Rxc2 27. Rxc2 Bd7 28. Rd2 Be6 29. Qa3 a6 30. Bg2 Kg7 31. Qe7 Qa5 32. b4 Qe5 33. Rd4 a5 34. a3 axb4 35. axb4 Qf6 36. Qc7 Ra8 37. Rf4 Qc3 38. Kh2 Ra1 39. Rd4 Qe1 40. Qe5+ Kh6 41. Qf4+ Kg7 42. g4 Bd5 43. Qe5+ Kg8 44. Qb8+ Kg7 45. Qe5+ Kg8 1/2-1/2

[Event "BL 2425 SC Viernheim - FC Bayern Münche"]
[Site "?"]
[Date "2025.02.01"]
[Round "7.5"]
[White "Lokander, Martin"]
[Black "Amin, Bassem"]
[Result "0-1"]
[WhiteElo "2473"]
[BlackElo "2654"]
[PlyCount "112"]
[EventDate "2025.??.??"]

1. d4 Nf6 2. c4 g6 3. Nc3 Bg7 4. e4 d6 5. Nf3 O-O 6. Be2 e5 7. dxe5 dxe5 8. Qxd8 Rxd8 9. Nxe5 Nxe4 10. Nxe4 Bxe5 11. Bg5 Bxb2 12. Rb1 Re8 13. Rxb2 Rxe4 14. O-O Nc6 15. f3 Rd4 16. Be3 Rd8 17. Bg5 Rd4 18. Be3 Rd8 19. Bg5 Rd7 20. c5 Rd5 21. Be3 Na5 22. Rc1 Be6 23. Bf4 Rd7 24. Bd2 Nc6 25. Bf4 Nd4 26. c6 bxc6 27. Ba6 f6 28. Be3 Rad8 29. a4 Rd5 30. Bc4 Re5 31. Kf2 g5 32. g4 a5 33. Rd2 Bxc4 34. Rxc4 Ne6 35. Rxd8+ Nxd8 36. Bd4 Re6 37. Bc3 Nb7 38. Kg3 Kf7 39. h4 h6 40. hxg5 hxg5 41. Kf2 c5 42. Bd2 Ke7 43. Rc2 Rb6 44. Ke2 Ke6 45. Kd3 Kd5 46. f4 gxf4 47. Bxf4 Rb4 48. Bxc7 Rxa4 49. Rf2 Ra3+ 50. Kd2 Ra2+ 51. Ke3 Rxf2 52. Kxf2 a4 53. Bf4 Nd6 54. Ke2 a3 55. Bd2 Kc4 56. Bc1 Kb3 0-1

[Event "BL 2425 SC Viernheim - FC Bayern Münche"]
[Site "?"]
[Date "2025.02.01"]
[Round "7.6"]
[White "Wagner, Dennis"]
[Black "Kurmann, Oliver"]
[Result "1/2-1/2"]
[WhiteElo "2614"]
[BlackElo "2417"]
[PlyCount "137"]
[EventDate "2025.??.??"]

1. d4 d5 2. c4 e6 3. Nf3 Nf6 4. Nc3 c6 5. Bg5 Be7 6. e3 Nbd7 7. Bd3 h6 8. Bf4 O-O 9. O-O dxc4 10. Bxc4 b5 11. Bd3 Bb7 12. a3 a5 13. Rc1 Rc8 14. Ne5 b4 15. axb4 axb4 16. Ne4 c5 17. Qf3 Bxe4 18. Bxe4 Nxe5 19. Bxe5 Nxe4 20. Qxe4 c4 21. Rfd1 Qd5 22. Qg4 f6 23. e4 Qd7 24. Bf4 f5 25. exf5 exf5 26. Qe2 c3 27. bxc3 bxc3 28. Qa2+ Kh7 29. Rd3 Bf6 30. Qb3 g5 31. Be3 f4 32. Bxf4 gxf4 33. Rdxc3 Rxc3 34. Qxc3 Qxd4 35. Qf3 Bg7 36. Rd1 Re8 37. g3 Qe4 38. Kg2 fxg3 39. hxg3 Qxf3+ 40. Kxf3 Rf8+ 41. Kg2 Rf6 42. Rd2 Bf8 43. Rc2 Bb4 44. Rc4 Ba5 45. Re4 Bb6 46. Re2 Kg6 47. Kf1 h5 48. Kg2 h4 49. Kh3 Bxf2 50. Kxh4 Bc5 51. Rc2 Be7 52. Kg4 Ra6 53. Rc3 Ra4+ 54. Kf3 Kf5 55. Rd3 Bf6 56. Rb3 Be5 57. Rd3 Rg4 58. Kg2 Ke4 59. Rb3 Rg7 60. Kh3 Bd4 61. Kg2 Ra7 62. Kh3 Be3 63. Rb8 Rf7 64. Kg2 Rf2+ 65. Kh3 Bd4 66. Rb3 Ra2 67. Kg4 Ra7 68. Kh3 Be3 69. Rb8 1/2-1/2

[Event "BL 2425 SC Viernheim - FC Bayern Münche"]
[Site "?"]
[Date "2025.02.01"]
[Round "7.8"]
[White "Meier, Georg"]
[Black "Lindgren, Philip"]
[Result "1-0"]
[WhiteElo "2595"]
[BlackElo "2393"]
[PlyCount "71"]
[EventDate "2025.??.??"]

1. d4 Nf6 2. c4 e6 3. g3 d5 4. Bg2 Bb4+ 5. Bd2 Be7 6. Nf3 c6 7. O-O O-O 8. Qb3 b6 9. Nc3 Nbd7 10. Rac1 a6 11. a3 Bb7 12. Rfd1 Qb8 13. Bf4 Bd6 14. Bxd6 Qxd6 15. Nd2 c5 16. cxd5 Bxd5 17. Nxd5 exd5 18. e4 dxe4 19. Nxe4 Nxe4 20. Bxe4 Rae8 21. dxc5 Nxc5 22. Rxd6 Nxb3 23. Rc3 Nc5 24. Bf3 Re6 25. Rxe6 Nxe6 26. Bd5 Nc5 27. b4 Nd7 28. Rc7 Rd8 29. Ra7 Kf8 30. Rxa6 Ne5 31. Ra8 Rxa8 32. Bxa8 Nc4 33. a4 Ke7 34. Bd5 Nb2 35. a5 bxa5 36. bxa5 1-0

[Event "BL 2425 Düsseldorfer SK - OSG Baden-Bad"]
[Site "?"]
[Date "2025.02.01"]
[Round "7.1"]
[White "Firouzja, Alireza"]
[Black "Nepomniachtchi, Ian"]
[Result "1/2-1/2"]
[WhiteElo "2760"]
[BlackElo "2754"]
[PlyCount "59"]
[EventDate "2025.??.??"]

1. e4 e5 2. Nf3 Nc6 3. Bb5 a6 4. Ba4 Nf6 5. O-O Be7 6. Re1 b5 7. Bb3 O-O 8. a4 b4 9. d4 d6 10. dxe5 Nxe5 11. Nbd2 Nfd7 12. a5 Bb7 13. Nxe5 Nxe5 14. Nf1 Rb8 15. f3 Bh4 16. g3 Bf6 17. Ne3 Re8 18. Bd5 Bxd5 19. Nxd5 Rb5 20. Kg2 Nc4 21. Ra2 Nxa5 22. b3 Be5 23. Bd2 c5 24. f4 Bf6 25. Qf3 Bd4 26. Qd3 Qc8 27. Bxb4 cxb4 28. Qxd4 Nc6 29. Qd3 Ne7 30. Nxe7+ 1/2-1/2

[Event "BL 2425 Düsseldorfer SK - OSG Baden-Bad"]
[Site "?"]
[Date "2025.02.01"]
[Round "7.2"]
[White "So, Wesley"]
[Black "Anand, Viswanathan"]
[Result "1-0"]
[WhiteElo "2747"]
[BlackElo "2750"]
[PlyCount "73"]
[EventDate "2025.??.??"]

1. d4 Nf6 2. c4 e6 3. Nc3 Bb4 4. e3 O-O 5. Bd2 d5 6. Nf3 b6 7. cxd5 exd5 8. Bd3 Bb7 9. Qc2 c5 10. O-O c4 11. Be2 Nc6 12. b3 Bxc3 13. Bxc3 b5 14. Rab1 Bc8 15. bxc4 bxc4 16. Ne5 Ne7 17. Qa4 Ne4 18. Ba5 Qe8 19. Bd1 f6 20. Qxe8 Rxe8 21. Ba4 Bf5 22. Nc6 Be6 23. f3 Nd6 24. Nb4 Rec8 25. Na6 Bf5 26. Rbc1 Nb7 27. Bc7 h5 28. Rfe1 Bd3 29. Rc3 Kf7 30. Bd7 h4 31. h3 Rh8 32. e4 dxe4 33. fxe4 Rad8 34. Bxd8 Rxd8 35. e5 Nd5 36. e6+ Ke7 37. Ra3 1-0

[Event "BL 2425 Düsseldorfer SK - OSG Baden-Bad"]
[Site "?"]
[Date "2025.02.01"]
[Round "7.3"]
[White "Aronian, Levon"]
[Black "Vidit, Santosh Gujrathi"]
[Result "1/2-1/2"]
[WhiteElo "2745"]
[BlackElo "2721"]
[PlyCount "41"]
[EventDate "2025.??.??"]

1. e4 e5 2. Nf3 Nc6 3. Bc4 Bc5 4. d3 Nf6 5. h3 d6 6. c3 h6 7. Nbd2 Bb6 8. Nf1 a6 9. Ng3 Na5 10. Bd5 O-O 11. b4 Nc6 12. Bb3 Re8 13. O-O Be6 14. Bxe6 Rxe6 15. a4 d5 16. Qb3 Qd7 17. Ra2 dxe4 18. dxe4 Rd6 19. Re1 Rd8 20. a5 Ba7 21. Be3 1/2-1/2

[Event "BL 2425 Düsseldorfer SK - OSG Baden-Bad"]
[Site "?"]
[Date "2025.02.01"]
[Round "7.4"]
[White "Sindarov, Javokhir"]
[Black "Vachier-Lagrave, Maxime"]
[Result "1-0"]
[WhiteElo "2700"]
[BlackElo "2729"]
[PlyCount "67"]
[EventDate "2025.??.??"]

1. c4 e5 2. g3 c6 3. Nf3 e4 4. Nd4 d5 5. cxd5 Qxd5 6. Nc2 Nf6 7. Nc3 Qe5 8. Bg2 Be7 9. b4 O-O 10. Bb2 Re8 11. Qb1 Qh5 12. Nxe4 Nxe4 13. Bxe4 Bh3 14. Bf3 Qg5 15. g4 Nd7 16. Rg1 h5 17. Ne3 Bf6 18. Rg3 hxg4 19. Bxg4 Rxe3 20. dxe3 Bxg4 21. h3 Qd5 22. Rxg4 Qh1+ 23. Kd2 Qd5+ 24. Bd4 Ne5 25. Qb3 Nc4+ 26. Kc2 a5 27. Rd1 b5 28. Bxf6 Qf5+ 29. Qd3 Qxf6 30. Qd4 Qh6 31. bxa5 f5 32. Rg3 Rxa5 33. Rdg1 Rxa2+ 34. Kc1 1-0

[Event "BL 2425 Düsseldorfer SK - OSG Baden-Bad"]
[Site "?"]
[Date "2025.02.01"]
[Round "7.5"]
[White "Rapport, Richard"]
[Black "Esipenko, Andrey"]
[Result "1/2-1/2"]
[WhiteElo "2718"]
[BlackElo "2695"]
[PlyCount "47"]
[EventDate "2025.??.??"]

1. e4 e5 2. Nf3 Nc6 3. Bb5 a6 4. Ba4 Nf6 5. O-O Be7 6. d3 b5 7. Bb3 d6 8. a4 Bd7 9. c3 O-O 10. Ba2 Qc8 11. Nbd2 Be6 12. Bb1 b4 13. a5 Rb8 14. d4 bxc3 15. bxc3 exd4 16. Nxd4 Bd7 17. Re1 Re8 18. Nf1 h6 19. Ng3 Bf8 20. Bf4 Ne5 21. Ba2 g6 22. Qd2 Kh7 23. h4 c5 24. Nc2 1/2-1/2

[Event "BL 2425 Düsseldorfer SK - OSG Baden-Bad"]
[Site "?"]
[Date "2025.02.01"]
[Round "7.6"]
[White "Sadhwani, Raunak"]
[Black "Svidler, Peter"]
[Result "1/2-1/2"]
[WhiteElo "2666"]
[BlackElo "2696"]
[PlyCount "43"]
[EventDate "2025.??.??"]

1. e4 e5 2. Nf3 Nc6 3. Bb5 a6 4. Ba4 Nf6 5. O-O Be7 6. Re1 b5 7. Bb3 O-O 8. h3 d6 9. c3 Re8 10. d4 Bb7 11. Ng5 Rf8 12. Nf3 Re8 13. Nbd2 Bf8 14. a3 h6 15. Bc2 Nb8 16. b3 Nbd7 17. Bb2 Rb8 18. a4 g6 19. axb5 axb5 20. Ra7 d5 21. Nxe5 dxe4 22. c4 1/2-1/2

[Event "BL 2425 Düsseldorfer SK - OSG Baden-Bad"]
[Site "?"]
[Date "2025.02.01"]
[Round "7.7"]
[White "Wojtaszek, Radoslaw"]
[Black "Gustafsson, Jan"]
[Result "1/2-1/2"]
[WhiteElo "2658"]
[BlackElo "2597"]
[PlyCount "47"]
[EventDate "2025.??.??"]

1. c4 e5 2. d3 Nf6 3. Nf3 Nc6 4. Nc3 d5 5. cxd5 Nxd5 6. e4 Nb6 7. Be2 Be7 8. Be3 O-O 9. O-O Bf6 10. a4 a5 11. Nb5 Nb4 12. Bc5 Re8 13. Rc1 Na6 14. Ba3 Be7 15. Bxe7 Qxe7 16. h3 c6 17. Nc3 Nb4 18. d4 exd4 19. Qxd4 Nd7 20. Bc4 Nc5 21. Rfd1 Be6 22. Bxe6 Nxe6 23. Qe3 Rad8 24. e5 1/2-1/2

[Event "BL 2425 Düsseldorfer SK - OSG Baden-Bad"]
[Site "?"]
[Date "2025.02.01"]
[Round "7.8"]
[White "Bologan, Victor"]
[Black "Donchenko, Alexander"]
[Result "1-0"]
[WhiteElo "2603"]
[BlackElo "2632"]
[PlyCount "149"]
[EventDate "2025.??.??"]

1. d4 Nf6 2. c4 e6 3. g3 Bb4+ 4. Bd2 Be7 5. Bg2 d5 6. Nf3 O-O 7. O-O Nbd7 8. Qc2 c6 9. Bf4 b6 10. Nbd2 Nh5 11. e3 Bb7 12. h4 Nxf4 13. exf4 Rc8 14. cxd5 cxd5 15. Qd3 Qc7 16. Qe3 Qc2 17. Rfb1 Ba6 18. Ne1 Qf5 19. b4 Bc4 20. Nxc4 dxc4 21. Be4 Qh5 22. Bf3 Qh6 23. b5 Nf6 24. Rc1 Bb4 25. Nc2 Ba5 26. Bc6 Nd5 27. Qe2 Qg6 28. Kf1 Qd3 29. Bxd5 exd5 30. Rd1 Qf5 31. Rac1 Rfe8 32. Qf3 Qd7 33. a4 Re4 34. Ra1 Rce8 35. Ra3 Qh3+ 36. Qg2 Qf5 37. Re3 h6 38. Rxe4 Rxe4 39. Ne3 Qe6 40. f5 Qf6 41. Qf3 Rxd4 42. Nxd5 Rxd1+ 43. Qxd1 Qe5 44. f6 Qe4 45. Ne7+ Kh7 46. Kg1 Qe1+ 47. Qxe1 Bxe1 48. Kf1 Bb4 49. Ke2 Bc5 50. h5 g6 51. g4 gxh5 52. gxh5 Bd4 53. Nc6 Bxf6 54. Nxa7 Bd4 55. Nc6 Bc5 56. Ne5 Kg7 57. f4 f5 58. Nxc4 Kf6 59. a5 bxa5 60. Nxa5 Ke6 61. Nc4 Kd5 62. Kd3 Ba7 63. b6 Bb8 64. Ne5 Bd6 65. b7 Bb8 66. Ke3 Ba7+ 67. Kf3 Kd6 68. Nf7+ Ke6 69. Nxh6 Kf6 70. Ng4+ fxg4+ 71. Kxg4 Bb8 72. f5 Bc7 73. h6 Be5 74. Kf3 Kf7 75. Ke4 1-0

[Event "BL 2425 SG Solingen - Schachfreunde Deiz"]
[Site "?"]
[Date "2025.02.01"]
[Round "7.1"]
[White "Kollars, Dmitrij"]
[Black "Ragger, Markus"]
[Result "1/2-1/2"]
[WhiteElo "2643"]
[BlackElo "2580"]
[PlyCount "42"]
[EventDate "2025.??.??"]

1. e4 e5 2. Nf3 Nc6 3. Bb5 a6 4. Ba4 Nf6 5. d3 b5 6. Bb3 Bc5 7. c3 d6 8. O-O O-O 9. h3 h6 10. Re1 Re8 11. Nbd2 Be6 12. Nf1 Bxb3 13. Qxb3 d5 14. Ng3 Qd7 15. Bd2 Rad8 16. Rad1 Qe6 17. exd5 Qxd5 18. Ne4 Nxe4 19. dxe4 Qxb3 20. axb3 Bb6 21. Kf1 f6 1/2-1/2

[Event "BL 2425 SG Solingen - Schachfreunde Deiz"]
[Site "?"]
[Date "2025.02.01"]
[Round "7.2"]
[White "Andersen, Mads"]
[Black "Bluebaum, Matthias"]
[Result "1/2-1/2"]
[WhiteElo "2584"]
[BlackElo "2643"]
[PlyCount "115"]
[EventDate "2025.??.??"]

1. e4 c6 2. d4 d5 3. Nc3 dxe4 4. Nxe4 Nf6 5. Nxf6+ exf6 6. Be3 Qb6 7. Qe2 Be7 8. c3 O-O 9. Qc2 c5 10. Bd3 g6 11. Ne2 Nc6 12. O-O cxd4 13. Nxd4 Nxd4 14. Bxd4 Bc5 15. Bxc5 Qxc5 16. Be4 a5 17. Rad1 Ra6 18. Rfe1 Re6 19. Bf3 Rxe1+ 20. Rxe1 b6 21. a3 Be6 22. Rd1 Kg7 23. Rd4 Re8 24. Qd2 Qe5 25. h3 h5 26. Rd6 b5 27. Rd4 Bc4 28. a4 Qc5 29. b4 Qc8 30. axb5 axb4 31. cxb4 Bxb5 32. h4 Qc7 33. Rd5 Rb8 34. Qd4 Qc4 35. Rd6 Qxd4 36. Rxd4 f5 37. g3 Kf6 38. Bg2 Ke5 39. Rd5+ Ke6 40. Rd4 Ke5 41. Rd2 Bc4 42. f4+ Ke6 43. Rb2 Bd5 44. Re2+ Be4 45. Bxe4 fxe4 46. Rxe4+ Kd5 47. Re5+ Kd6 48. Re4 Kd5 49. Re7 Rxb4 50. Rxf7 Rb1+ 51. Kg2 Rb2+ 52. Kh3 Ke6 53. Rf8 Ke7 54. Rc8 Kf6 55. Rc5 Ra2 56. Rg5 Rf2 57. Ra5 Rb2 58. Rc5 1/2-1/2

[Event "BL 2425 SG Solingen - Schachfreunde Deiz"]
[Site "?"]
[Date "2025.02.01"]
[Round "7.3"]
[White "Dardha, Daniel"]
[Black "Van Wely, Loek"]
[Result "1-0"]
[WhiteElo "2652"]
[BlackElo "2612"]
[PlyCount "95"]
[EventDate "2025.??.??"]

1. c4 c5 2. Nf3 Nf6 3. Nc3 e6 4. g3 b6 5. Bg2 Bb7 6. O-O Be7 7. d4 cxd4 8. Qxd4 d6 9. Rd1 a6 10. b3 Nbd7 11. Bb2 O-O 12. h3 Qc7 13. g4 h6 14. e4 Ne5 15. Ne1 g5 16. Qe3 Nfd7 17. Ne2 Ng6 18. Rac1 Rab8 19. Nd3 Nde5 20. Ng3 Nxd3 21. Qxd3 Nf4 22. Qc3 f6 23. Bf1 Kf7 24. Qe3 Rh8 25. Nh5 Nxh5 26. gxh5 Rhe8 27. Bg2 Qc6 28. Kh1 f5 29. Rd5 Qd7 30. e5 exd5 31. cxd5 Bd8 32. e6+ Rxe6 33. dxe6+ Qxe6 34. Qc3 Qf6 35. Bxb7 Rxb7 36. Qc8 Qe7 37. Qxf5+ Ke8 38. Qg6+ Kd7 39. Qxh6 g4 40. Qg6 gxh3 41. h6 Qe6 42. Rg1 Qd5+ 43. Kh2 Kc8 44. h7 Rf7 45. h8=Q Rxf2+ 46. Kxh3 Qf3+ 47. Qg3 Qf5+ 48. Qg4 1-0

[Event "BL 2425 SG Solingen - Schachfreunde Deiz"]
[Site "?"]
[Date "2025.02.01"]
[Round "7.4"]
[White "Krastev, Alexander"]
[Black "Banusz, Tamas"]
[Result "0-1"]
[WhiteElo "2434"]
[BlackElo "2582"]
[PlyCount "82"]
[EventDate "2025.??.??"]

1. e4 c5 2. Nf3 Nc6 3. Bb5 e6 4. Bxc6 bxc6 5. d3 Qc7 6. O-O Ne7 7. h4 d6 8. h5 h6 9. e5 dxe5 10. Re1 g5 11. Nbd2 Bg7 12. Nc4 Ba6 13. Nfxe5 Rd8 14. Bd2 Rd5 15. Ba5 Qb8 16. Qe2 O-O 17. Rab1 Qc8 18. Bc3 Nf5 19. Ne3 Nd4 20. Bxd4 Rxd4 21. Nf3 Rd6 22. Nd2 Rdd8 23. Nb3 c4 24. Nxc4 c5 25. Ncd2 Qc7 26. Ne4 c4 27. Nbc5 cxd3 28. cxd3 Bb5 29. Rec1 Qe5 30. a4 Bc6 31. b4 Ba8 32. a5 Qd5 33. Qf1 g4 34. b5 f5 35. Nd2 g3 36. Nf3 e5 37. Rb4 Rde8 38. Nh4 e4 39. Ng6 f4 40. fxg3 fxg3 41. Qd1 exd3 0-1

[Event "BL 2425 SG Solingen - Schachfreunde Deiz"]
[Site "?"]
[Date "2025.02.01"]
[Round "7.5"]
[White "Moussard, Jules"]
[Black "Nikolic, Predrag"]
[Result "0-1"]
[WhiteElo "2595"]
[BlackElo "2538"]
[PlyCount "88"]
[EventDate "2025.??.??"]

1. e4 e6 2. d4 d5 3. Nc3 Bb4 4. e5 c5 5. a3 Bxc3+ 6. bxc3 Qa5 7. Bd2 Qa4 8. Qg4 g6 9. h4 Nc6 10. Nf3 h6 11. Qf4 c4 12. Kd1 Bd7 13. Be2 Rh7 14. Nh2 O-O-O 15. Ng4 Kb8 16. h5 g5 17. Qg3 Ka8 18. f4 gxf4 19. Bxf4 Qa5 20. Qe3 Nce7 21. Qd2 Nf5 22. Bf3 Ba4 23. Rh3 Qb6 24. Kc1 Rc8 25. Nf6 Nxf6 26. exf6 Rch8 27. Be5 Nd6 28. Rg3 Nf5 29. Rg4 Qa5 30. Rf4 Bc6 31. Qe1 Qd8 32. Rg4 Rf8 33. Kd2 Rhh8 34. Qg1 Ba4 35. Qh2 Qb6 36. Qf4 Bxc2 37. Kxc2 Qb3+ 38. Kc1 Qxc3+ 39. Kb1 Qb3+ 40. Kc1 Ne3 41. Ra2 Nxg4 42. Rb2 Qc3+ 43. Kb1 Nxe5 44. Qxe5 Rc8 0-1

[Event "BL 2425 SG Solingen - Schachfreunde Deiz"]
[Site "?"]
[Date "2025.02.01"]
[Round "7.6"]
[White "Naumann, Alexander"]
[Black "Gupta, Abhijeet"]
[Result "1/2-1/2"]
[WhiteElo "2470"]
[BlackElo "2577"]
[PlyCount "42"]
[EventDate "2025.??.??"]

1. e4 c5 2. Nf3 d6 3. d4 cxd4 4. Nxd4 Nf6 5. Nc3 a6 6. Be3 e5 7. Nf3 Be7 8. Bc4 Nc6 9. O-O Be6 10. Bb3 Rc8 11. Bg5 O-O 12. Bxf6 Bxf6 13. Nd5 Be7 14. Qe2 Na5 15. Rfd1 Kh8 16. Nxe7 Qxe7 17. Bxe6 fxe6 18. Rd3 Rc6 19. Rad1 Nc4 20. c3 b5 21. b3 Nb6 1/2-1/2

[Event "BL 2425 SG Solingen - Schachfreunde Deiz"]
[Site "?"]
[Date "2025.02.01"]
[Round "7.7"]
[White "Dautov, Rustem"]
[Black "Handke, Florian"]
[Result "1/2-1/2"]
[WhiteElo "2565"]
[BlackElo "2524"]
[PlyCount "43"]
[EventDate "2025.??.??"]

1. d4 Nf6 2. c4 g6 3. Nf3 Bg7 4. g3 O-O 5. Bg2 d5 6. cxd5 Nxd5 7. O-O Nc6 8. Nc3 e5 9. Nxd5 e4 10. Nd2 Qxd5 11. Nxe4 Qxd4 12. Nc3 Be6 13. Bf4 Qb4 14. Qc1 Nd4 15. Kh1 Bc4 16. Re1 c6 17. Bd2 Rad8 18. Ne4 Qb5 19. a4 Qa6 20. Nc5 Nb3 21. Nxb3 Bxb3 22. Bc3 1/2-1/2

[Event "BL 2425 SG Solingen - Schachfreunde Deiz"]
[Site "?"]
[Date "2025.02.01"]
[Round "7.8"]
[White "Roseneck, Jonas"]
[Black "Kozul, Zdenko"]
[Result "0-1"]
[WhiteElo "2400"]
[BlackElo "2500"]
[PlyCount "150"]
[EventDate "2025.??.??"]

1. e4 c5 2. Nf3 d6 3. Bb5+ Bd7 4. Bxd7+ Nxd7 5. O-O Ngf6 6. Qe2 e6 7. d4 cxd4 8. Nxd4 a6 9. c4 Be7 10. Nc3 Rc8 11. b3 b5 12. Bb2 bxc4 13. Rac1 Ne5 14. bxc4 O-O 15. Nb1 Qa5 16. Nd2 Qxa2 17. Bc3 Qa3 18. N4b3 Qa4 19. Ra1 Qc6 20. c5 Qb5 21. Qd1 Ned7 22. Ra5 Qb8 23. Bxf6 Nxf6 24. cxd6 Bxd6 25. g3 Bb4 26. Rxa6 Rfd8 27. Qe2 Bxd2 28. Nxd2 Qb2 29. Rd1 h5 30. e5 Ng4 31. Rd6 Qxe5 32. Qxe5 Nxe5 33. Ne4 Rxd6 34. Rxd6 Kf8 35. Ra6 Rc7 36. Ra5 f6 37. h4 Rc2 38. Ra7 Ng4 39. Rd7 Re2 40. Rd4 e5 41. Ra4 Kf7 42. Kf1 Rc2 43. Ra6 Kg6 44. Kg1 Re2 45. Ra4 Kf5 46. Nd6+ Ke6 47. Ne4 Rc2 48. Ra6+ Kf5 49. Ra4 Rc1+ 50. Kg2 Rd1 51. f3 Nh6 52. Ra2 Kg6 53. Rd2 Ra1 54. Nd6 Ra4 55. Kf2 Ng8 56. Ne4 Ne7 57. Nc3 Ra3 58. Nb5 Rb3 59. Nc7 Nf5 60. Nd5 Kf7 61. Kg2 Nd4 62. f4 Ke6 63. Nc7+ Kd7 64. fxe5 fxe5 65. Nd5 Ke6 66. Nc7+ Kf5 67. Kh3 Ke4 68. Ne8 g6 69. Nd6+ Kd5 70. Nf7 e4 71. Ra2 e3 72. Ra5+ Ke4 73. Re5+ Kd3 74. Ng5 e2 75. Kg2 Rb1 0-1

[Event "BL 2425 Hamburger SK - SV Werder Bremen"]
[Site "?"]
[Date "2025.02.01"]
[Round "7.2"]
[White "Huschenbeth, Niclas"]
[Black "Areshchenko, Alexander"]
[Result "1/2-1/2"]
[WhiteElo "2593"]
[BlackElo "2602"]
[PlyCount "113"]
[EventDate "2025.??.??"]

1. e4 c5 2. Nf3 d6 3. d4 cxd4 4. Nxd4 Nf6 5. Nc3 a6 6. Bg5 e6 7. f4 Qb6 8. Qd2 Qxb2 9. Rb1 Qa3 10. f5 Nc6 11. fxe6 Bxe6 12. Rxb7 Nxd4 13. Qxd4 Be7 14. Bd3 Bd8 15. O-O O-O 16. Nd5 Nd7 17. Be7 Bxe7 18. Nxe7+ Kh8 19. Nf5 Qc5 20. Rc7 Qxd4+ 21. Nxd4 Nc5 22. Nxe6 fxe6 23. Rc6 Rfd8 24. Rb1 Rac8 25. Rxc8 Rxc8 26. Rb6 Rd8 27. Kf2 a5 28. Ke3 e5 29. h4 g6 30. Bc4 Kg7 31. Rb5 a4 32. Ra5 h5 33. Ra7+ Kh6 34. Rf7 Rb8 35. Bd5 Rb2 36. Kd2 Rb4 37. Ke3 Rb2 38. Rf2 Rb1 39. Kd2 Rh1 40. Rf6 Rxh4 41. Ke3 Rh1 42. Rxd6 Rc1 43. Rc6 Rxc2 44. Bf7 Rc3+ 45. Ke2 Nxe4 46. Rxg6+ Kh7 47. Ra6 Nc5 48. Ra5 h4 49. Kd2 Ne4+ 50. Ke2 Ng3+ 51. Kd2 Ne4+ 52. Ke2 Nd6 53. Be6 Rc2+ 54. Kf1 Rc1+ 55. Ke2 Rc2+ 56. Kf1 Rc1+ 57. Ke2 1/2-1/2